书目信息 |
| 题名: |
世界最新英汉双解细胞与分子生物学词典
|
|
| 作者: | 海因 主编 ;吕社民 译 | |
| 分册: | ||
| 出版信息: | 西安 世界图书出版西安公司 2008.01 |
|
| 页数: | 620页 | |
| 开本: | 19cm | |
| 丛书名: | 世界最新英汉双解医学词典丛书 | |
| 单 册: | ||
| 中图分类: | Q-61 | |
| 科图分类: | ||
| 主题词: | 细胞学--xi bao xue--英、汉--词典 | |
| 电子资源: | ||
| ISBN: | 978-7-5062-7574-3 | |
| 000 | 01323nam 2200301 450 | |
| 001 | 012008550801 | |
| 005 | 20080510162540.48 | |
| 010 | @a978-7-5062-7574-3@dCNY58.00 | |
| 100 | @a20080510d2008 em y0chiy0120 ea | |
| 101 | 2 | @achi@aeng@aeng |
| 102 | @aCN@b610000 | |
| 105 | @ay ae 000yy | |
| 106 | @ar | |
| 200 | 1 | @a世界最新英汉双解细胞与分子生物学词典@Ashi jie zui xin ying han shuang jie xi bao yu fen zi sheng wu xue ci dian@d= The facts on file dictionary of cell and molecular biology@f(美) Robert Hine主编@F(mei)Robert Hine zhu bian@g吕社民译@Glu she min yi@zeng |
| 210 | @a西安@c世界图书出版西安公司@d2008.01 | |
| 215 | @a620页@d19cm | |
| 225 | 2 | @a世界最新英汉双解医学词典丛书@Ashi jie zui xin ying han shuang jie yi xue ci dian cong shu |
| 314 | @a责任者规范汉译: 海因 | |
| 320 | @a有书目 (第620页) | |
| 330 | @a本词典涵盖了整个现代细胞与分子生物学领域, 包括细胞结构、基础分子生物学与生物化学、分子遗传学、细胞代谢、细胞生理学及实验室技术等。 | |
| 410 | 0 | @12001 @a世界最新英汉双解医学词典丛书 |
| 510 | 1 | @aFacts on file dictionary of cell and molecular biology@zeng |
| 606 | 0 | @a细胞学@Axi bao xue@x英、汉@j词典 |
| 690 | @aQ-61@v4 | |
| 701 | 1 | @a海因@Ahai yin@g(Hine, Robert)@4主编 |
| 702 | 0 | @a吕社民@Alu she min@4译 |
| 801 | 0 | @aCN@bQSSK@c20080510 |
| 905 | @b709620-21@dQ-61@eH050@f2 | |
| 世界最新英汉双解细胞与分子生物学词典= The facts on file dictionary of cell and molecular biology/(美) Robert Hine主编/吕社民译.-西安:世界图书出版西安公司,2008.01 |
| 620页;19cm.-(世界最新英汉双解医学词典丛书) |
| ISBN 978-7-5062-7574-3:CNY58.00 |
| 本词典涵盖了整个现代细胞与分子生物学领域, 包括细胞结构、基础分子生物学与生物化学、分子遗传学、细胞代谢、细胞生理学及实验室技术等。 |
| ● |
| 相关链接 |
|
|
|
正题名:世界最新英汉双解细胞与分子生物学词典
索取号:Q-61/H050
 
预约/预借
| 序号 | 登录号 | 条形码 | 馆藏地/架位号 | 状态 | 备注 |
| 1 | 709620 | 207096202 | 自科库401/401自科库 24排2列2层/ [索取号:Q-61/H050] | 在馆 | |
| 2 | 709621 | 207096211 | 自科库401/401自科库 24排2列2层/ [索取号:Q-61/H050] | 在馆 |